[Event "Sharjah Masters 2nd"]
[Site "Sharjah"]
[Date "2018.04.17"]
[Round "7"]
[White "Gagare, Shalmali"]
[Black "Mohannad, Farhan"]
[Result "0-1"]
[WhiteElo "2039"]
[BlackElo "2219"]
[PlyCount "78"]
[EventDate "2018.04.12"]
[EventType "swiss"]
[EventRounds "9"]
[EventCountry "UAE"]
[SourceTitle "CBM 184 Extra"]
[Source "ChessBase"]
[SourceDate "2018.06.28"]
[SourceVersion "1"]
[SourceVersionDate "2018.06.28"]
[SourceQuality "1"]

1. c4 e5 2. g3 d6 3. Bg2 g6 4. Nc3 Bg7 5. Nf3 Ne7 6. d3 0-0 7. 0-0 f5 8. Rb1 h6 9. Qc2 g5 10. b4 Ng6 11. b5 Nd7 12. Nd5 Nc5 13. Bb2 g4 14. Nd2 h5 15. Rbd1 a6 16. d4 exd4 17. Nb3 axb5 18. cxb5 d3 19. exd3 Rxa2 20. Nc3 Rxb2 21. Qxb2 Na4 22. Qc2 Nxc3 23. Rc1 Re8 24. Rfe1 Kh7 25. Qd2 Rxe1+ 26. Rxe1 Nxb5 27. d4 c6 28. h3 Qf6 29. d5 c5 30. Re8 c4 31. Na5 c3 32. Qc2 Nd4 33. Qd3 Bd7 34. Re1 Bb5 35. Nc4 Ne5 36. Qxc3 Bxc4 37. Kh1 gxh3 38. Qxd4 hxg2+ 39. Kxg2 Nf3 0-1